000 00685nam a2200205 a 4500
001 000046787
005 20240302073951.0
008 180326s2014 dr a 000 0 spa d
020 _a9789945468380
040 _aDO-SdBNP
_bspa
_cBNPHU
082 _axxxx
_bxxxx
100 1 _aCassá, Roberto,
_d1948-
_910888
245 1 0 _aEugenio María de Hostos :
_bel maestro /
_cRoberto Cassá ; ilustraciones José Mercader.
260 _aSanto Domingo :
_bTobogán,
_c2014.
300 _a46 p. :
_bil. ;
_c23 cm.
490 1 _aBiografías dominicanas tobogán ;
590 _aInventariado, 2018/BT
700 1 _aMercader, José,
_eil.
_956560
830 0 _aBiografías dominicanas tobogán ;
_9769
999 _c46276
_d46276